Najlepsi strzelcy Manchesteru United - Statystyki

Ogólne statystyki
  • Ten quiz został rozwiązany 71 razy
  • Średni wynik to 4 z 10
Statystyki odpowiedzi
# Gole Tenuta Zawodnik % Poprawnych
253 2004–2017 Wayne Rooney
94%
249 1956–1973 Bobby Charlton
73%
168 1991–2014 Ryan Giggs
73%
179 1963–1974 George Best
58%
155 1994–2011 2012–2013 Paul Scholes
56%
237 1962–1973 Denis Law
39%
163 1983–1986 1988–1995 Mark Hughes
11%
179 1952–1962 Dennis Viollet
5%
211 1937–1955 Jack Rowley
3%
168 1919–1933 Joe Spence
0%
Nie znaleziono quizów pasujących do podanych kryteriów
Rozkład punktacji
Procent ludzi z każdym wynikiem
Percentyl według liczby udzielonych odpowiedzi
Twoja historia wyników
Nie rozwiązałeś tego quizu